Statistics for Countries, US States, Capitals, Elements, 100 Most Common Words: containing 4 of JETPUNK letters

Click here to take the quiz!

General Stats

  • This quiz has been taken 202 times
    (175 since last reset)
  • The average score is 27 of 49

Answer Stats

HINTANSWER% Correct
UNTEKUnited Kingdom
93%
UNTEUnited States
91%
TJKNTajikistan
90%
TUKENTurkmenistan
90%
TUKETurkey
87%
UNTEUnited Arab Emirates
87%
UEKTNUzbekistan
87%
NEPTUNeptunium
86%
KENTUKentucky
81%
KPJESkopje
80%
KPTNKrypton
75%
PKTNPakistan
75%
JUNEJuneau
72%
UKNEUkraine
72%
NTKENorth Korea
71%
ETPUNDemocratic Republic of the Congo
70%
UTKESouth Korea
68%
ENTPUCentral African Republic
65%
PUTNPlutonium
65%
EPUTNRepublic of the Congo
65%
TPEKTopeka
65%
JENPUKTSri Jayawardenapura Kotte
62%
KTNUKathmandu
61%
TKENTashkent
59%
PUNEPapua New Guinea
57%
ENTUEinsteinium
54%
NTKESaint Kitts and Nevis
49%
NUKTNouakchott
46%
TUNETungsten
46%
JENTJefferson City
45%
PTNUProtactinium
45%
NEPUDominican Republic
42%
EUTNEquatorial Guinea
41%
TENPSão Tomé and Príncipe
41%
NTPEMontpelier
38%
PTNUPlatinum
38%
PTUNEPort-au-Prince
36%
PETUPromethium
35%
PENUCopernicium
33%
UTENRuthenium
33%
TENUTechnetium
32%
TEUPTegucigalpa
29%
ENTURoentgenium
26%
PETNCape Town
23%
ETNUMeitnerium
23%
NETUConnecticut
16%
UPETBudapest
13%
NTPUSaint Paul
13%
TNUEBaton Rouge
12%

Score Distribution

Percentile by Number Answered

Percent of People with Each Score

Your Score History

You have not taken this quiz since the last reset